000 00334nam a2200145Ia 4500
008 240112s2013 xx 000 0 und d
022 _a900036
041 _aeng
082 _a614.05
100 _aTROUTMAN A
245 _aAMERICAN JOU OF PUBLIC HEALTH
260 _bAPHA
_c2013
300 _a1-189 HB
_c1.3.4 SUP
440 _v103
999 _c1144034
_d1144034